Welcome to the Holygrace Academy Library

Please use search bar below to get started

TAMING THE MONKEY MIND (Record no. 5175)

MARC details
000 -LEADER
fixed length control field 00465nam a22001337a 4500
082 ## - DEWEY DECIMAL CLASSIFICATION NUMBER
Classification number 200
Item number SUD/T
100 ## - MAIN ENTRY--AUTHOR NAME
Personal name SUDDHISUKHA, ELDER MASTER
245 ## - TITLE STATEMENT
Title TAMING THE MONKEY MIND
260 ## - PUBLICATION, DISTRIBUTION, ETC. (IMPRINT)
Place of publication CANADA
Name of publisher SUTRA TRANSLATION
Year of publication 2000
300 ## - PHYSICAL DESCRIPTION
Number of Pages 114
520 ## - SUMMARY, ETC.
Summary, etc karning to tame what the Buddhists call our'monkey mind'- the internal chaos that keeps us flitting back and forwards, obsessing about the minutiae of life ...
650 ## - SUBJECT ADDED ENTRY--TOPICAL TERM
Topical Term RELIGIOUS
Geographic subdivision UNITED STATES
942 ## - ADDED ENTRY ELEMENTS (KOHA)
Koha item type Books
Holdings
Withdrawn status Lost status Collection code Home library Current library Shelving location Date acquired Source of acquisition Full call number Accession Number Koha item type
    Non-fiction Main Library Main Library SHELF 15 C-RELIGIOUS 14/07/2016 purchase 200 SUD/T 04334 Books